00440nam a2200157Ia 4500008004100000020001500041082001800056100002100074245002900095250000700124260003100131300003000162500001900192600002100211650005000232240925s9999 xx 000 0 und d a1565925149 a005.44769 MUR aMurray ,James D. 0aWindows NT Event Logging aNA aBeijing:bO Reillyc,1998. axviii,625p.bNAfOriginal aIncludes Index aComputer Science aComputer science, information & general works